Geography Quiz

Random Geography or State Quiz

Official State Grab Bag Quiz Stats

 Plays Quiz Updated Apr 25, 2012

Challenge
Share
Tweet
Embed
Score 0/50 Timer 08:00
2 Plays Today
Hint State % Correct
State BirdMaryland
90%
State NicknameMichigan
83.3%
State FlowerColorado
78.9%
License Plate SloganIdaho
76.5%
State NicknameNew Jersey
76.2%
State BeverageFlorida
75.6%
State BeverageCalifornia
74.3%
State FoodIndiana
70.8%
Div. I Football TeamNebraska
70.1%
Div. I Football TeamAlabama
68.6%
License Plate SloganIllinois
67.6%
State TreeOhio
66.8%
Div. I Football TeamTennessee
66.3%
State BirdNew Mexico
64.8%
State FlowerArizona
64.3%
Div. I Football TeamPennsylvania
63.1%
Div. I Football TeamIowa
62.4%
State MammalWisconsin
58.4%
State NicknameMissouri
55.1%
State FoodTexas
54.1%
State MammalMinnesota
51.6%
State MammalWyoming
49.2%
State MottoAlaska
44.9%
License Plate SloganSouth Dakota
43.3%
State MammalWashington
42.7%
Hint State % Correct
State MottoWest Virginia
41.7%
State TreeMississippi
40%
State BirdLouisiana
40%
State BirdHawaii
39.5%
State FlowerKansas
35%
License Plate SloganOklahoma
32.8%
State FoodGeorgia
31%
State BeverageMassachusetts
28.8%
State FlowerNevada
27.9%
State BirdRhode Island
26.1%
State BeverageNew Hampshire
25.2%
State TreeOregon
24%
State MottoVirginia
23.5%
State FoodSouth Carolina
23%
State MammalConnecticut
19.4%
State MottoNew York
19%
State NicknameArkansas
18.6%
State BeverageMaine
17.5%
State FoodVermont
15%
State NicknameNorth Dakota
14.8%
State TreeMontana
14%
License Plate SloganKentucky
13.7%
State FlowerUtah
13.5%
State MottoNorth Carolina
10%
State TreeDelaware
9.2%

You're not logged in!

Compare scores with friends on all Sporcle quizzes.
Join for Free
OR
Log In

You Might Also Like...

Show Comments

Extras

Top Quizzes Today


Score Distribution

Your Account Isn't Verified!

In order to create a playlist on Sporcle, you need to verify the email address you used during registration. Go to your Sporcle Settings to finish the process.

Report this User

Report this user for behavior that violates our Community Guidelines.

Details: